000 01741cam a2200169 4500500
005 20260111104658.0
041 _afre
042 _adc
100 1 0 _aDakowska, Dorota
_eauthor
700 1 0 _aNeumayer, Laure
_eauthor
245 0 0 _aIntroduction : repenser l'impact de l'adhésion
260 _c2005.
500 _a44
520 _a“Europe” played a significant role in the rise of right-wing populism in Austria, by representing first a counter example to the Austrian model and subsequently an external threat, both of which allowed the right-wing populist Freedom Party to mobilize people and form a disparate coalition of voters. As this article argues however, this was less a question of ideology. As principally a populist party concerned with maximizing its success at the game of elections, the FPÖ always flexibly adapted its position to take advantage of the political opportunities that presented themselves in an evolving Union and a changing Europe. However, the Freedom Party was only able to do so because its leadership, especially Jörg Haider, was keenly aware of the ambiguity in the relationship between Austria and Europe, benefiting from Austria’s historical skepticism of Western modernity, its relative isolation from Atlanticist Europe, its ambivalence toward liberal market economies, and its lack of national identity. For all parties in Austrian politics, “Europe” thus served as an escape mechanism, an instrument of political mobilization, and an image projecting either modernity or an alien threat.
786 0 _nPolitique européenne | 15 | 1 | 2005-01-01 | p. 5-27 | 1623-6297
856 4 1 _uhttps://shs.cairn.info/revue-politique-europeenne-2005-1-page-5?lang=fr&redirect-ssocas=7080
999 _c1631007
_d1631007